|
|
|
|
| LEADER |
01187nam a22003017a 4500 |
| 001 |
28145 |
| 003 |
BD-DhAAL |
| 005 |
20190523140440.0 |
| 008 |
140624t20132013enka 000 0 eng d |
| 999 |
|
|
|c 24632
|d 24632
|
| 020 |
|
|
|a 9780953823949
|
| 040 |
|
|
|a BD-DhAAL
|c BD-DhAAL
|
| 041 |
|
|
|a eng
|
| 050 |
|
|
|a NA2750
|b .A55 2013
|
| 082 |
|
|
|2 23
|a 729
|
| 245 |
0 |
0 |
|a 50 design questions answered /
|c Arup Group Ltd.
|
| 246 |
3 |
|
|a Fifty design questions answered
|
| 260 |
|
|
|a London, United Kingdom :
|b Arup Design Book produced and published for Arup by Wardour,
|c 2013
|
| 300 |
|
|
|a 127 pages :
|b colour illustrations ;
|c 28 cm.
|
| 500 |
|
|
|a "The dog playground on New York’s East River Waterfront Esplanade is 4,750 square feet. Discover more creative revelations in this book."
|
| 526 |
|
|
|a ARC
|
| 541 |
|
|
|e 28145
|
| 610 |
2 |
0 |
|a Arup Group Ltd.
|9 5146
|
| 650 |
|
0 |
|a Architectural design.
|9 5147
|
| 650 |
|
0 |
|a Structural design.
|9 5148
|
| 710 |
2 |
|
|a Arup Group Ltd.,
|e author.
|9 5149
|
| 942 |
|
|
|2 ddc
|c BK
|
| 952 |
|
|
|0 0
|1 0
|2 ddc
|4 0
|6 729_000000000000000_DES
|7 0
|9 34677
|a BRACUL
|b BRACUL
|c GEN
|d 2014-06-24
|e Riza Enterprize
|g 4500.00
|l 9
|m 49
|o 729 DES
|p 3010028145
|r 2025-06-29
|s 2025-06-22
|t 1
|w 2014-06-24
|y BK
|